Fußballer nach Land #6 - Statistiken

Allgemein
  • Dieses Quiz wurde 323 mal gespielt
  • Das Durchschnittsergebnis liegt bei 13 aus 18
Antwortstatistiken
Spieler Land % Korrekt
Gianluigi Buffon Italien
99%
Antonio Rüdiger Deutschland
96%
Ruud Gullit Niederlände
94%
Pepe Portugal
94%
Lionel Messi Argentinien
91%
Hugo Lloris Frankreich
89%
Wayne Rooney Vereinigtes Königreich
89%
Thiago Silva Brasilien
86%
Pavel Nedvěd Tschechien
83%
Jesse Lingard Vereinigtes Königreich
81%
Marouane Fellaini Belgien
72%
Brian Laudrup Dänemark
72%
Birkir Bjarnason Island
65%
József Bozsik Ungarn
52%
Jan Bednarek Polen
51%
Andre Carrillo Peru
28%
Francisco Gento Spanien
28%
Marcelo Salas Chile
23%
Keine übereinstimmenden Quizze gefunden
Verteilung der Resultate
Anzahl Personen mit jedem Resultat
Perzentil nach korrekt beantworteten Fragen
Ihre Resultats-Entwicklung
Sie haben dieses Quiz noch nicht gespielt